| 000 | 00588nam a2200181 i 4500 | ||
|---|---|---|---|
| 001 | 42759 | ||
| 003 | ES-MaACL | ||
| 005 | 20250728191922.0 | ||
| 007 | t| | ||
| 008 | 030313s1945 sp ||||1| spa d | ||
| 100 | 1 |
_aCereceda, Feliciano. _937480 |
|
| 245 | 1 | 0 |
_aDiego Laínez en la Europa religiosa de su tiempo, 1512-1565. _nI / _cpor Feliciano Cereceda. |
| 260 |
_aMadrid : _bCultura Hispánica, _c1945 ( _fGráf. Ultra) |
||
| 300 |
_a1 v. (XXXIV, 634 p., 1 lám.) ; _c25 cm. |
||
| 600 | 1 | 4 |
_aLaínez, Diego, _d1512-1565 _9172647 |
| 852 |
_aES-MaACL _jE-3487 |
||
| 999 |
_c42759 _d42759 |
||